| 000 | 00402nam a22001577a 4500 | ||
|---|---|---|---|
| 008 | 170612b xxu||||| |||| 00| p tur d | ||
| 041 | _atur | ||
| 050 | _aPL219 | ||
| 100 |
_aYavuz, Hilmi _9251 |
||
| 245 |
_aBedreddin Üzerine Şiirler _cHilmi Yavuz |
||
| 250 | _a2. baskı | ||
| 260 |
_aİstanbul _bCem Yayınevi _cOcak 1976 |
||
| 300 | _a87 sayfa | ||
| 650 | 0 |
_9145 _aTürk Edebiyatı |
|
| 942 |
_2lcc _cBK |
||
| 999 |
_c238 _d234 |
||